trabalhos de Pest (Registo nº 3826)
[ vista simples ]
| 000 -Etiqueta do registo | |
|---|---|
| Cabeçalho | 00552nam a2200193 i 4500 |
| 005 - Identificador da versão | |
| Campo de controlo | 20240813122045.0 |
| 100 ## - Dados gerais de processamento | |
| Dados gerais de processamento | 20101006d m y0pory5003 ba |
| 101 0# - Língua de publicação | |
| Língua do texto, banda sonora, etc. | Português |
| 215 ## - Descrição física | |
| Indicação específica da natureza do documento e extensão da espécie | 40 p |
| 200 1# - Titulo e menção de responsabilidade | |
| Título próprio | trabalhos de Pest |
| Primeira menção de responsabilidade | Miguel Horta |
| 210 ## - Publicação, Distribuição, etc. | |
| Lugar da edição, distribuição, etc. | Lisboa |
| Nome do editor, distribuidor, etc. | Galeria Monumental |
| Data da publicação, distribuição, etc. | 2000 |
| 300 ## - Notas gerais | |
| Texto da nota | Exposição realizada de 23 de Março a 29 de Abril de 2000 |
| 606 ## - Nome comum usado como assunto | |
| Número de registo de entrada de autoridade | 0000263 |
| Palavra de ordem | Desenho |
| Subdivisão de assunto | Exposições |
| 675 ## - Classificação Decimal Universal (CDU) | |
| Notação | 061.4(469.411.6)"2000" |
| Edição | BN |
| Língua da edição | por |
| 700 #1 - Nome de autor-pessoa física (responsabilidade principal) | |
| Número de registo de entrada de autoridade | 0000222 |
| Palavra de ordem | Horta |
| Outra parte do nome não tomada para palavra de ordem | Miguel |
| 966 ## - Identificação da Biblioteca | |
| Sigla | EBVEN |
| 942 ## - Elementos de entrada adicionados (Koha) | |
| Tipo de item no Koha | Livro |
| Situação do levantamento | Origin of item (home branch) (coded) | Biblioteca de empréstimo | Código de barras | Cota | Circulation type (not for loan) | Tipo de documento | Nota do exemplar | Damaged status |
|---|---|---|---|---|---|---|---|---|
| Biblioteca Escolar das Vendas | Biblioteca Escolar das Vendas | BEV2399 | 061.4 HOR | Livro | Sem mensagem | |||
| Biblioteca Escolar das Vendas | Biblioteca Escolar das Vendas | BEV2400 | 061.4 HOR | Livro | Sem mensagem |
